[Event "Wch U14 Girls"]
[Site "Montesilvano"]
[Date "2023.11.18"]
[Round "6"]
[White "Montano Vicente, Guadalupe"]
[Black "Suyamin, Bonjoure Fille"]
[Result "1/2-1/2"]
[WhiteElo "1794"]
[BlackElo "1570"]
[PlyCount "82"]
[EventDate "2023.11.13"]
[EventType "swiss"]
[EventRounds "11"]
[EventCountry "ITA"]
[SourceTitle "CB48_2023"]
[SourceDate "2023.11.29"]
[SourceVersion "1"]
[SourceVersionDate "2023.11.29"]
[SourceQuality "1"]

1. d4 Nf6 2. c4 g6 3. Nc3 Bg7 4. e4 d6 5. h3 Nbd7 6. Nf3 0-0 7. Be3 e5 8. d5 b6 9. Be2 Nc5 10. Nd2 a5 11. g4 Ne8 12. g5 f5 13. gxf6 Bxf6 14. Nf3 Ng7 15. Bh6 Bh4 16. Qd2 Qf6 17. Rh2 g5 18. Bxg5 Bxg5 19. Nxg5 Qf4 20. Rg2 h6 21. Qxf4 Rxf4 22. Ne6 Ncxe6 23. dxe6 Bxe6 24. Kd2 Raf8 25. Rag1 R8f7 26. Rg6 Kh7 27. Ke3 Rh4 28. Nd5 Rxh3+ 29. f3 Bxd5 30. cxd5 Nh5 31. Rg8 Nf4 32. Ba6 Rh2 33. R8g3 Rxb2 34. a4 Rh2 35. Bb5 Ra2 36. Rg4 Ra3+ 37. Kd2 Rxf3 38. Ba6 Ra3 39. Bc8 Ra2+ 40. Ke3 Ra3+ 41. Kd2 Ra2+ 1/2-1/2

[Event "PHI-ch op"]
[Site "Mactan City"]
[Date "2021.12.12"]
[Round "6"]
[White "Perez, Rafael"]
[Black "Suyamin, Bonjoure Fille"]
[Result "1-0"]
[WhiteElo "1747"]
[BlackElo "1240"]
[PlyCount "101"]
[EventDate "2021.12.09"]
[EventType "swiss"]
[EventRounds "9"]
[EventCountry "PHI"]
[SourceTitle "CBM 205 Extra"]
[Source "ChessBase"]
[SourceDate "2022.01.31"]
[SourceVersion "1"]
[SourceVersionDate "2022.01.31"]
[SourceQuality "1"]

1. c4 Nf6 2. Nc3 e6 3. a3 c5 4. e3 Be7 5. d4 cxd4 6. exd4 d5 7. Nf3 0-0 8. Be2 Nbd7 9. 0-0 b6 10. cxd5 Nxd5 11. Nxd5 exd5 12. Bf4 Bb7 13. Rc1 Rc8 14. Qa4 a5 15. Rxc8 Qxc8 16. Rc1 Qd8 17. Rc7 Bc8 18. Qc6 Bf6 19. h3 Re8 20. Bb5 Re6 21. Rxc8 Rxc6 22. Rxd8+ Bxd8 23. Bxc6 Nf6 24. Be5 Kf8 25. Bxf6 Bxf6 26. Bxd5 Ke7 27. Kf1 h6 28. Ke2 g5 29. Ne5 Bg7 30. g4 Bh8 31. Kd3 Kd6 32. Nxf7+ Kxd5 33. Nxh8 Ke6 34. Ng6 Kd6 35. Ke4 b5 36. d5 a4 37. Ne5 Ke7 38. f4 gxf4 39. Kxf4 Kf6 40. d6 Ke6 41. d7 Ke7 42. Kf5 Kd8 43. h4 Ke7 44. g5 hxg5 45. hxg5 Kd8 46. Ke6 Kc7 47. Ke7 Kb7 48. d8Q b4 49. Qd7+ Ka8 50. Nc6 b3 51. Qa7# 1-0

[Event "Thailand Pattaya U10 op 2nd"]
[Site "Pattaya"]
[Date "2019.10.20"]
[Round "3"]
[White "Suyamin, Bonjoure Fille"]
[Black "Megat Mohd Khushair, Megat Musa"]
[Result "0-1"]
[WhiteElo "1278"]
[BlackElo "1313"]
[PlyCount "200"]
[EventDate "2019.10.19"]
[EventType "swiss"]
[EventRounds "9"]
[EventCountry "THA"]
[SourceTitle "CBM 193 Extra"]
[Source "ChessBase"]
[SourceDate "2020.01.31"]
[SourceVersion "1"]
[SourceVersionDate "2020.01.31"]
[SourceQuality "1"]

1. e4 d5 2. exd5 Nf6 3. Bb5+ Nbd7 4. Nc3 a6 5. Bc4 Nb6 6. Bb3 Nfxd5 7. Nxd5 Nxd5 8. Qf3 Nf6 9. Ne2 g6 10. 0-0 Bg7 11. d3 0-0 12. Bf4 Bg4 13. Qe3 Re8 14. f3 Bf5 15. Qc5 e5 16. Bg3 Qd6 17. Qc4 Be6 18. Qc3 Bd7 19. Rad1 Nh5 20. Qd2 Nxg3 21. Nxg3 Be6 22. Ne4 Qb6+ 23. Kh1 Bxb3 24. axb3 f5 25. Nc3 Rad8 26. Qe2 Qe6 27. Rde1 Re7 28. Qf2 Qd6 29. Re2 Rde8 30. Rfe1 Qb6 31. Qxb6 cxb6 32. Nd5 Rd7 33. Nxb6 Rc7 34. Nd5 Rc5 35. Nc3 Rec8 36. b4 R5c7 37. Nd5 Rf7 38. c4 Rcf8 39. Nc3 Rd7 40. Nd5 Rdf7 41. b3 Rd7 42. Ra2 g5 43. Ra5 Bf6 44. Nxf6+ Rxf6 45. Raxe5 Rxd3 46. R5e3 Rfd6 47. h3 Rxe3 48. Rxe3 Rb6 49. Re5 Rxb4 50. Rxf5 h6 51. Ra5 Rxb3 52. c5 Rc3 53. Kh2 Kf7 54. Kg3 Rc4 55. Kf2 Ke6 56. g3 Kd5 57. Ke3 Rxc5 58. Ra3 a5 59. Rd3+ Ke5 60. f4+ gxf4+ 61. gxf4+ Kf5 62. Ra3 b6 63. Rd3 b5 64. Kd4 Rc4+ 65. Ke3 Re4+ 66. Kd2 Rxf4 67. Rd5+ Kg6 68. Rxb5 Rf5 69. Rb3 h5 70. Rg3+ Rg5 71. Rc3 Rg2+ 72. Ke1 Ra2 73. Rc6+ Kg5 74. Rc4 a4 75. Kd1 a3 76. Kc1 Rh2 77. Rc5+ Kh4 78. Rc4+ Kxh3 79. Rc3+ Kg2 80. Rxa3 h4 81. Kd1 h3 82. Ke1 Rh1+ 83. Ke2 h2 84. Ra2 Rf1 85. Ke3+ Kg1 86. Ra7 h1Q 87. Rg7+ Qg2 88. Rxg2+ Kxg2 89. Ke2 Rf3 90. Kd2 Kf2 91. Kd1 Ra3 92. Kd2 Kf3 93. Kc2 Ke4 94. Kd2 Rh3 95. Kc2 Kd4 96. Kb2 Kc4 97. Ka2 Rb3 98. Ka1 Kc3 99. Ka2 Kc2 100. Ka1 Ra3# 0-1